|
|
|
|
| LEADER |
02051nam a22004092a 4500 |
| 001 |
001258827 |
| 003 |
CZ BrMZK |
| 005 |
20121018141708.0 |
| 007 |
ta |
| 008 |
121018s1973 xr er|||||||||||cze d |
| 015 |
|
|
|a cnb000146362
|
| 035 |
|
|
|a (OCoLC)85241407
|
| 040 |
|
|
|a ABA001
|b cze
|c OSA001
|d BOA001
|
| 041 |
1 |
|
|a cze
|h eng
|
| 080 |
9 |
|
|a 821.111
|
| 100 |
1 |
|
|a Quiller-Couch, Arthur Thomas,
|c Sir,
|d 1863-1944
|7 xx0004007
|4 aut
|
| 245 |
1 |
0 |
|a Zlatý hrad /
|c Arthur Quiller-Couch, Daphne du Maurierová ; z anglického originálu ... přeložili Emanuel a Taťána Tilschovi ; předmluva Foy Felicia Quillerová-Couchová ; doslov Radoslav Nenadál
|
| 250 |
|
|
|a 1. vyd.
|
| 260 |
|
|
|a Praha :
|b Československý spisovatel,
|c 1973
|e (Vimperk :
|f Stráž)
|
| 300 |
|
|
|a 261 s.
|
| 490 |
1 |
|
|a Svět
|
| 500 |
|
|
|a 30000 výt.
|
| 500 |
|
|
|a Obálka a vazba Pavel Brom
|
| 520 |
|
|
|a Román je společným dílem dvou anglických autorů, a to romanopisce, povídkáře, básníka, literárního historika a publicisty a známé romanciérky. Vypráví příběh novodobého Tristana a Isoldy, zasazený do měšťanského prostředí Cornwallu19. století, příběh plný dramatického napětí, oživující středověkou pověst o strhující moci velké lásky.
|
| 765 |
0 |
|
|t Castle Dor
|9 Česky
|
| 700 |
1 |
|
|a Tilsch, Emanuel,
|d 1906-1990
|7 jk01132479
|4 trl
|
| 700 |
1 |
|
|a Tilschová, Taťána,
|d -1978
|7 jk01132488
|4 trl
|
| 700 |
1 |
|
|a Nenadál, Radoslav,
|d 1929-2018
|7 jk01083165
|4 waw
|
| 700 |
1 |
|
|a Du Maurier, Daphne,
|d 1907-1989
|7 jn19981000779
|4 aut
|
| 830 |
|
0 |
|a Svět (Československý spisovatel)
|0 s
|
| 856 |
4 |
1 |
|u http://www.digitalniknihovna.cz/mzk/uuid/uuid:3ba731d0-2430-11e3-9319-005056827e51
|y Digitalizovaný dokument
|x NDK
|
| 910 |
|
|
|a BOA001
|b 2-0720.146
|
| 990 |
|
|
|a BK
|
| 995 |
|
|
|a 01
|
| 991 |
|
|
|b 201210
|
| 996 |
7 |
|
|b 2619511862
|c 2-0720.146
|l Sklad H1
|r Sklad / do 24 hodin
|n 1
|h HS212
|w 001292848
|u 000010
|a 1
|e BOA001
|j MZK50
|s A
|
| 996 |
6 |
|
|b 2619654051
|c 2-0720.146
|l Sklad H1
|r Sklad / do 24 hodin
|n 0
|h HS212
|w 001292848
|u 000020
|a 1
|e BOA001
|j MZK50
|s P
|